Taking to the skies
| Main Author: | |
|---|---|
| Format: | Book |
| Published: |
Sydney :
Allen & Unwin ,
2015
|
| Subjects: |
MARC
| LEADER | 00000cam a2200000 7i4500 | ||
|---|---|---|---|
| 001 | 0000201911 | ||
| 005 | 20160722.0 | ||
| 020 | |a 9781760113070 | ||
| 090 | 0 | 0 | |a 387.709 |b EAM |
| 100 | 1 | |a Eames, Jim | |
| 245 | 1 | 0 | |a Taking to the skies |c Jim Eames |
| 260 | |a Sydney : |b Allen & Unwin , |c 2015 | ||
| 300 | |a 345p. ; |c 20cm. | ||
| 650 | 0 | 0 | |a Aeronautics |z Australia |x History |
| 650 | 0 | 0 | |a Airplanes |z Australia |x History |
| 999 | |a 00324807 |b BUKU |c PINJAMAN |e PERPUSTAKAAN KOMUNITI PETALING JAYA | ||